<?xml version="1.0" encoding="UTF-8"?><?xml-stylesheet type="text/xsl" href="static/style.xsl"?><OAI-PMH xmlns="http://www.openarchives.org/OAI/2.0/" xmlns:xsi="http://www.w3.org/2001/XMLSchema-instance" xsi:schemaLocation="http://www.openarchives.org/OAI/2.0/ http://www.openarchives.org/OAI/2.0/OAI-PMH.xsd"><responseDate>2026-04-26T22:06:42Z</responseDate><request verb="GetRecord" identifier="oai:uvadoc.uva.es:10324/6773" metadataPrefix="marc">https://uvadoc.uva.es/oai/request</request><GetRecord><record><header><identifier>oai:uvadoc.uva.es:10324/6773</identifier><datestamp>2021-06-29T10:14:57Z</datestamp><setSpec>com_10324_38</setSpec><setSpec>col_10324_852</setSpec></header><metadata><record xmlns="http://www.loc.gov/MARC21/slim" xmlns:doc="http://www.lyncode.com/xoai" xmlns:xsi="http://www.w3.org/2001/XMLSchema-instance" xmlns:dcterms="http://purl.org/dc/terms/" xsi:schemaLocation="http://www.loc.gov/MARC21/slim http://www.loc.gov/standards/marcxml/schema/MARC21slim.xsd">
<leader>00925njm 22002777a 4500</leader>
<datafield tag="042" ind1=" " ind2=" ">
<subfield code="a">dc</subfield>
</datafield>
<datafield tag="720" ind1=" " ind2=" ">
<subfield code="a">Amara, Soufiane</subfield>
<subfield code="e">author</subfield>
</datafield>
<datafield tag="260" ind1=" " ind2=" ">
<subfield code="c">2014</subfield>
</datafield>
<datafield tag="520" ind1=" " ind2=" ">
<subfield code="a">El presente trabajo se inscribe en la necesidad de realizar un análisis de la realidad de los inmigrantes en España. Se aborda el tema del racismo y la xenofobia como problema que dificulta la integración y la convivencia y que nos afectan a todos, y no solo a sus víctimas directas, contra los cuales se puede y se debe luchar. Del mismo modo,  la necesidad de combatir los estereotipos, los rumores y los prejuicios acerca de la población inmigrante, que conducen a la intolerancia y la marginación. En el trabajo se diseña una intervención socio-educativa contra el racismo y la xenofobia dirigida a los jóvenes de centros de Educación Secundaria de la Provincia de Palencia.</subfield>
</datafield>
<datafield tag="024" ind2=" " ind1="8">
<subfield code="a">http://uvadoc.uva.es/handle/10324/6773</subfield>
</datafield>
<datafield ind1=" " ind2=" " tag="653">
<subfield code="a">Racismo</subfield>
</datafield>
<datafield ind1=" " ind2=" " tag="653">
<subfield code="a">Xenofobia</subfield>
</datafield>
<datafield ind1=" " ind2=" " tag="653">
<subfield code="a">Educación intercultural</subfield>
</datafield>
<datafield ind1=" " ind2=" " tag="653">
<subfield code="a">Inmigración</subfield>
</datafield>
<datafield ind1=" " ind2=" " tag="653">
<subfield code="a">Integración social</subfield>
</datafield>
<datafield tag="245" ind1="0" ind2="0">
<subfield code="a">Inmigración, racismo y xenofobia. Un proyecto de prevención para jóvenes.</subfield>
</datafield>
</record></metadata></record></GetRecord></OAI-PMH>